Nadmerná sebaistota spôsobuje "neomylné" úsudky ekonomický experiment so slovenskými šudentmi
Príklady experimentovania na akciových trhoch. Vstup do rizikovej situácie a vidina vysokého zisku. Ego, vlastné schopnosti a porovnávanie sa s druhými. Sebahodnotenie vlastných schopností študentov. Výskumy "neomylného" úsudku a investovanie. Ciele ekonomických experimentov.
Saved in:
| Main Author: | |
|---|---|
| Format: | Book Chapter |
| Language: | Slovak |
| Subjects: | |
| Tags: |
No Tags, Be the first to tag this record!
|
MARC
| LEADER | 00000naa$a2200000$$$4500 | ||
|---|---|---|---|
| 001 | 0104573 | ||
| 005 | 20240502072139.7 | ||
| 041 | 0 | |a slo | |
| 044 | |a SK | ||
| 245 | 1 | 0 | |a Nadmerná sebaistota spôsobuje "neomylné" úsudky |b ekonomický experiment so slovenskými šudentmi |c Michal Šinský |
| 520 | |a Príklady experimentovania na akciových trhoch. Vstup do rizikovej situácie a vidina vysokého zisku. Ego, vlastné schopnosti a porovnávanie sa s druhými. Sebahodnotenie vlastných schopností študentov. Výskumy "neomylného" úsudku a investovanie. Ciele ekonomických experimentov. | ||
| 610 | 2 | 0 | |a experimenty |
| 610 | 2 | 0 | |a študenti |
| 610 | 2 | 0 | |a sebapoznanie |
| 610 | 2 | 0 | |a riziko |
| 610 | 2 | 0 | |a informácie |
| 610 | 2 | 0 | |a rozhodovanie |
| 610 | 2 | 0 | |a metódy výskumu |
| 100 | 1 | |a Šinský, Michal | |